Γυναίκα και μέση εκπαίδευση στην Ελλάδα από το 1821 έως το 1929 : τα παρθεναγωγεία και η περίπτωση του παρθεναγωγείου Μυτιλήνης : πρόταση δημιουργίας CD ROM : μεταπτυχιακή διατριβή

Αποθηκεύτηκε σε:
Λεπτομέρειες βιβλιογραφικής εγγραφής
Κύριος συγγραφέας: Μοτσοβολέα, Λευκοθέα
Συγγραφή απο Οργανισμό/Αρχή: Πανεπιστήμιο Αιγαίου. Σχολή Κοινωνικών Επιστημών. Τμήμα Πολιτισμικής Τεχνολογίας και Επικοινωνίας. Πρόγραμμα Μεταπτυχιακών Σπουδών Πολιτισμική Πληροφορική και Επικοινωνία
Άλλοι συγγραφείς: Σαμπανίκου, Εύη Δημ., 1965- (dgsf)
Μορφή: Thesis Βιβλίο
Γλώσσα:Greek
Δημοσίευση: 2005.
Θέματα:
Διαθέσιμο Online:http://hdl.handle.net/11610/16060
Ετικέτες: Προσθήκη ετικέτας
Δεν υπάρχουν, Καταχωρήστε ετικέτα πρώτοι!

MARC

LEADER 00000cam a2200000 i 4500
001 1/26414
008 060317s2005 gre d
035 |l 10083152 
040 |a GR-MY-UA  |b gre  |e aacr 
041 0 |a gre 
082 0 |a 370.9495  |2 (22) 
100 1 |a Μοτσοβολέα, Λευκοθέα. 
245 1 0 |a Γυναίκα και μέση εκπαίδευση στην Ελλάδα από το 1821 έως το 1929 :   |b τα παρθεναγωγεία και η περίπτωση του παρθεναγωγείου Μυτιλήνης : πρόταση δημιουργίας CD ROM : μεταπτυχιακή διατριβή /   |c Μοτσοβολέα Λευκοθέα ; υπεύθυνη καθηγήτρια Σαμπανίκου Ευαγγελία.  
260 |c 2005.  
300 |a 196 σ. :   |b εικ. ;   |c 30 εκ.  
502 |a Διατριβή (μεταπτυχιακή) - Πανεπιστήμιο Αιγαίου, Λέσβος, 2005.  
504 |a Βιβλιογραφία: σ. 180-186.  
650 0 |a Women in education  |z Greece  |z Mytilene (Lesbos) 
650 0 |a Women  |x Education  |z Greece  |z Mytilene (Lesbos)  |x History. 
650 0 |a Media programs (Education) 
650 0 |a Education  |z Greece  |z Mytilene (Lesbos)  |x History. 
650 0 0 |a Dissertations, Academic  |z Greece. 
700 1 |a Σαμπανίκου, Εύη Δημ.,   |d 1965-  |e dgsf 
710 2 |a Πανεπιστήμιο Αιγαίου.   |b Σχολή Κοινωνικών Επιστημών.   |b Τμήμα Πολιτισμικής Τεχνολογίας και Επικοινωνίας.   |b Πρόγραμμα Μεταπτυχιακών Σπουδών Πολιτισμική Πληροφορική και Επικοινωνία. 
852 |a INST  |b LESVOS  |c DIATR  |e 20061127  |h 51  |p 005100037483  |q 005100037483  |t MTXE  |y 23 
852 |a INST  |b LESVOS  |c DIATR  |e 20060317  |h 52  |p 005100035540  |q 005100035540  |t MTXE  |y 23 
856 |u http://hdl.handle.net/11610/16060 
901 |a BIBL1-2006-1 
909 |a Λ  |b 126106 
909 |a Λ  |b 118559 
924 |a ΜΕΤΣΟΒΟΛΕΑ  |b ΛΕΥΚΟΘΕΑ  |y ΛΕΣΒΟΣ  |z 2005-02 
970 |a ΜΑΡΙΝΑΤΟΥ  |b ΜΥΡΣΙΝΗ  |z 2006/03/17